KOHA-Header-6

Advertising Planning & Decision Making (Record no. 1013)

000 -LEADER
fixed length control field 00311nam a2200121Ia 4500
008 - FIXED-LENGTH DATA ELEMENTS--GENERAL INFORMATION
fixed length control field 190722s9999 xx 000 0 und d
020 ## - INTERNATIONAL STANDARD BOOK NUMBER
International Standard Book Number 9788-173589-85-8
100 ## - MAIN ENTRY--PERSONAL NAME
Personal name Kavita Sharma
245 #0 - TITLE STATEMENT
Title Advertising Planning & Decision Making
260 ## - PUBLICATION, DISTRIBUTION, ETC. (IMPRINT)
Place of publication, distribution, etc India
Name of publisher, distributor, etc Taxmann Allied
Date of publication, distribution, etc 2011
300 ## - PHYSICAL DESCRIPTION
Extent 373
942 ## - ADDED ENTRY ELEMENTS (KOHA)
Koha item type Books
Holdings
Withdrawn status Lost status Damaged status Not for loan Collection code Permanent Location Current Location Shelving location Date acquired Full call number Barcode Date last seen Price effective from Koha item type
        Marketing MAJU MAJU   2019-07-22 658.82 7638 2019-07-22 2019-07-22 Marketing

Powered by Koha